000 03674namaa22004211i 4500
003 EG-GICUC
005 20260504145026.0
008 260504s2025 ua a|||frm||| 000 0 eng d
040 _aEG-GICUC
_beng
_cEG-GICUC
_dEG-GICUC
_erda
041 0 _aeng
_beng
_bara
049 _aDeposit
082 0 4 _a‪624.18341
092 _a‪624.18341
_221
097 _aPh.D
099 _aCai01.13.05.Ph.D.2025.Am.P
100 0 _aAmira Elyamany Ali Mohamed,
_epreparation.
245 1 0 _aPerformance assessment of anchored and embedded reinforced concrete barriers subjected to blast loads /
_cby Amira Elyamany Ali Mohamed ; Supervisors Prof. Dr. Walid Abdel Latif Attia.
246 1 5 _aتقييم أداء الحواجز الخرسانية المثبتة و المدمجة المعرضة لأحمال الانفجار
264 0 _c2025.
300 _a211 pages :
_billustrations ;
_c30 cm. +
_eCD.
336 _atext
_2rda content
337 _aUnmediated
_2rdamedia
338 _avolume
_2rdacarrier
502 _aThesis (Ph.D)-Cairo University, 2025.
504 _aBibliography: pages 207-211.
520 3 _aProtecting important buildings and preserving human lives is an essential requirement in present era as explosions represent a real danger which must be confronted. Current study analyzes the behavior of different reinforced concrete barriers subjected to blast loads. The models are divided into barriers anchored in the base and barriers with a base embedded into soil. In addition, the models feature different geometries as there are concave barriers with front angles 49°, 58° as well as straight barriers. Also, different weights of TNT charges 225kg, 450kg, and 1800kg are used
520 3 _aتقوم الدراسة الحالية بدراسة سلوك نماذج مختلفة من الحواجز الخرسانية المعرضة لحمل الانفجار. تم تقسيم النماذج إلى حواجز مثبتة في القاعدة الخرسانية و حواجز مغروسة في التربة. بالإضافة الى ذلك تتميز النماذج بأشكال و أبعاد مختلفة ، حيث يوجد حواجز مقعرة بزاوية أمامية 49°و 58° و كذلك حواجز مستقيمة . يوجد أوزان مختلفة لشحنات التفجير تم استخدامها ، حيث يوجد 225 و 450 و 1800 كجم موجودة على مسافة 1 متر و مسافة 2 متر . تم نمذجة و تحليل 36 نموذج مختلف من الحواجز الخرسانية المعرضة لحمل الانفجار . تم استخدام برنامج التحليل الديناميكي انسيس نسخة 18,2. كما تم عمل مقارنات متعددة بين نتائج الضغط المتولد نتيجة حمل الانفجار و كذلك الأضرار و الإزاحات التي حدثت للحوائط مع اختلاف قيم الشحنات المتفجرة و بعدها عن الحوائط.
530 _aIssues also as CD.
546 _aText in English and abstract in Arabic & English.
650 0 _aReinforced concrete
650 0 _aالخرسانة المسلحة
653 1 _aBlast loads
_aReinforced concrete barriers
_aAnsys Autodyn 18.2
_aExplicit dynamics
_aTNT
_aأحمال الانفجارات
_aالحواجز الخرسانية المسلحة
700 0 _aWalid Abdel Latif Attia
_ethesis advisor.
900 _b01-01-2025.
_cWalid Abdel Latif Attia
_dAhmed Hassan Amer
_dAlaa Gamal Sherif
_UCairo University
_FFaculty of Engineering
_DDepartment of Structural Engineering
905 _aShimaa
942 _2ddc
_cTH
_e21
_n0
999 _c179963